Pramene v Slanských vrchoch

Bibliographic Details
Main Author: Krčméry, Vladimír (Author)
Format: Article
Language:Slovak
Subjects:

MARC

LEADER 00000nab a2200000 a 4500
001 vtls000920720
003 SK-MaSNL
005 20260304134247.0
008 250505e19920000xo 0 slo
035 |a KE29597 
035 |a urn:nbn:sk:snk-aba05a 
035 |a (urnnbn)urn:nbn:sk:snk:ar-a0979u 
035 |a (uuid)bb50b55f-caa0-46ba-a60f-15ad81a08152 
040 |a SNKBUCL  |b slo  |c SNKBUCL  |e AACR2 
041 0 |a slo 
044 |a xo  |c SK 
080 |a 556  |2 1981 
100 1 |a Krčméry, Vladimír  |4 aut  |9 267694 
245 1 0 |a Pramene v Slanských vrchoch 
650 0 7 |a hydrológia  |2 KEVKJB  |9 853 
650 0 7 |a vodné pramene  |2 KEVKJB  |9 74306 
650 0 7 |a horské studne  |2 KEVKJB  |9 1260474 
651 7 |a Slanské vrchy (Slovensko : pohorie)  |2 KEVKJB  |9 56228 
773 0 |t Chránené územia Slovenska 18/92  |d Bratislava : Ekológia, 1992, S. 5-8 
850 |a Slovenská národná knižnica 
852 |a Slovenská národná knižnica 
954 |a odborná, vedecká literatúra pôvodná (slovenská)  |2 lita 
958 |a article13 
958 |a OND 
958 |a EUIPO 
999 |c 2905949  |d 2907879